De emprendedores a empresarios : haga que su negocio sea negocio (Registro nro. 9175)

Detalles MARC
000 -Cabecera
Campo de control de longitud fija 01354nam a22004697a 4500
005 - Fecha y hora de la última transacción
Campo de control 20250610151012.0
008 - Elementos de longitud fija--Información general
Campo de control de longitud fija 170329b2014 xxu||||| |||| 00| 0 spa d
020 ## - International Standard Book Number
Número Internacional Estándar del Libro (ISBN) 9786074387919
041 ## - Idioma
Código de idioma
082 ## - Clasificación Decimal Dewey
Número de clasificación 658.404 AG283e
100 ## - Entrada principal--Autor personal
Nombre personal Aguilar Morales, Silvia
9 (RLIN) 41733
245 ## - Título propiamente dicho
Título De emprendedores a empresarios : haga que su negocio sea negocio
260 ## - Pie de imprenta
Lugar de publicación, distribución, etc. México
260 ## - Pie de imprenta
Nombre del editor, distribuidor, etc. Patria
260 ## - Pie de imprenta
Fecha de publicación, distribución, etc. 2014
300 ## - Descripción física
Extensión 283 páginas
490 ## - Serie
Título de la Serie Dirección y Administración de Empresas
650 ## - Materia general
Temática (materia general) GERENCIA DE PROYECTOS
650 ## - Materia general
Temática (materia general) EMPRENDEDURISMO
650 ## - Materia general
Temática (materia general) RETOS QUE ENFRENTA EL EMPRESARIO
650 ## - Materia general
Temática (materia general) ACTITUD EMPRESARIAL
650 ## - Materia general
Temática (materia general) RECURSOS HUMANOS
650 ## - Materia general
Temática (materia general) RECURSOS FINANCIEROS
650 ## - Materia general
Temática (materia general) RECURSOS MATERIALES E INSUMOS
650 ## - Materia general
Temática (materia general) RESPONSABILIDAD SOCIAL DEL EMPRESARIO
650 ## - Materia general
Temática (materia general) ENTORNO TECNOLÓGICO
650 ## - Materia general
Temática (materia general) MODELO DE NEGOCIO
650 ## - Materia general
Temática (materia general) ESTUDIOS DE MERCADO
650 ## - Materia general
Temática (materia general) FINANZAS
650 ## - Materia general
Temática (materia general) VENTAS
650 ## - Materia general
Temática (materia general) ESTUDIO ADMINISTRATIVO
650 ## - Materia general
Temática (materia general) ÉTICA
650 ## - Materia general
Temática (materia general) PLAN DE NEGOCIOS
650 ## - Materia general
Temática (materia general) MATRIZ FODA
650 ## - Materia general
Temática (materia general) ESTADOS FINANCIEROS
650 ## - Materia general
Temática (materia general) NEGOCIACIÓN
650 ## - Materia general
Temática (materia general) RECURSOS FINANCIEROS
650 ## - Materia general
Temática (materia general) EMPRESAS FAMILIARES
650 ## - Materia general
Temática (materia general) DESARROLLO DE UN PRODUCTO
650 ## - Materia general
Temática (materia general) DISTRIBUCIÓN DE PLANTA
942 ## - Punto de acceso adicional KOHA
Tipo de ítem KOHA Libro
Fuente del sistema de clasificación o colocación Dewey Decimal Classification
Existencias
Signatura completa Código de barras Programa Académico Tipo de ítem
658.404 AG283e 21964 Dirección y Administración de Empresas Libro